| 000 | 00438nam a2200169Ia 4500 | ||
|---|---|---|---|
| 003 | GCL | ||
| 008 | 140319s9999 xx 000 0 eng d | ||
| 040 |
_aGCL / _cGCL |
||
| 082 | 0 | 4 |
_a637.3 _bF C |
| 100 | 1 | _aFOX, P. F. | |
| 245 | 1 | 0 |
_a"CHEESE: CHEMISTRY, PHYSICS AND MICROBOLOGY; 2 SE ED." / _cFOX, P. F. |
| 260 |
_a[S.N] : _bCHAPMAN & HALL ، _c1993 |
||
| 300 | _a601 P | ||
| 650 | 0 | 4 | _aVARIETIES |
| 650 | 0 | 4 | _aCHEESE |
| 942 |
_2ddc _cBK |
||
| 999 |
_c25172 _d25172 |
||